| Поле | Название | Значение |
| |
Тип записи |
a |
| |
Библиографический уровень |
c |
| 001 |
Контрольный номер |
RU/ГПНТБ России/KNIGADB/83.3(2=411.2)/Т 48-817730302 |
| 005 |
Дата корректировки |
20260703100407.6 |
| 010 |
Индекс ISBN |
__ |
| a |
ISBN |
978-5-88093-453-9 |
| b |
Уточнения |
в пер. |
| 100 |
Данные общей обработки |
__ |
| a |
Данные общей обработки |
20260703d2020 m y0rusy028902 ca |
| 101 |
Язык документа |
0_ |
| a |
Язык текста |
rus |
| 102 |
Страна публикации |
__ |
| a |
Страна публикации |
RU |
| 105 |
Кодированные данные (монография) |
__ |
| a |
Кодированные данные (монография) |
a z 000yd |
| 181 |
Поле кодированных данных: вид содержания |
_0 |
| a |
Код вида содержания (ISBD) |
i |
| 182 |
Поле кодированных данных: тип средства |
_0 |
| a |
Код типа средства (ISBD) |
n |
| 200 |
Заглавие и сведения об ответственности |
1_ |
| a |
Заглавие |
Трагические судьбы русских писателей |
| e |
Сведения, относящиеся к заглавию |
М. Лермонтов, М. Цветаева, А. Фадеев, А. Блок, Н. Рубцов, В. Белов, М. Шолохов, Ю. Кузнецов |
| f |
Первые сведения об ответственности |
Пётр Ткаченко |
| 203 |
Вид содержания и тип средства |
__ |
| c |
Тип средства |
непосредственный |
| a |
Вид содержания |
Текст |
| 210 |
Выходные данные |
1_ |
| a |
Место издания |
Москва |
| c |
Издательство |
Звонница-МГ |
| d |
Дата издания |
2020 |
| 215 |
Физическое описание |
__ |
| a |
Объем |
490, [1] с. |
| c |
Иллюстрации/тип воспроизводства |
портр. |
| d |
Формат |
21 см |
| 225 |
Серия |
2_ |
| a |
Серия |
XX век: Лики. Лица. Личины |
| 320 |
Библиография |
__ |
| a |
Библиография |
Библиография в примечаниях: с. 488-489 |
| 330 |
Аннотация |
__ |
| a |
Аннотация |
Известный литературный критик, прозаик и публицист Пётр Ткаченко, полковник в отставке, член Союза писателей России, автор многих книг в своей новой книге задаётся вопросом о том, почему столь трагичны судьбы многих русских писателей. В книге по-новому предстают гибель М. Лермонтова, а точнее, тайна его убийства, а также загадка смерти А. Блока, судьбы А. Фадеева и М. Цветаевой и других писателей. Особняком стоит трагическая смерть, по сути нашего современника, Н. Рубцова. Никакие обстоятельства не могут заслонить духовного значения этих трагедий и потерь. Эта интересная во всех отношениях книга - итог многолетней исследовательской и аналитической работы подвижника Петра Ткаченко. Она адресована широкому читателю, которому всегда дорога истина. |
| 464 |
Аналитический уровень |
_0 |
| 1 |
|
2001 |
| a |
|
"С тех пор как вечный Судия мне дал всеведенье пророка..." Тайна убийства Лермонтова |
| 464 |
Аналитический уровень |
_0 |
| 1 |
|
2001 |
| a |
|
"Пред ликом родины суровой я закачаюсь на кресте..." О тайне смерти Александра Блока |
| 464 |
Аналитический уровень |
_0 |
| 1 |
|
2001 |
| a |
|
До разгрома и после него. Кто и как убил Александра Фадеева. Куда и зачем вел людей Левинсон. Кто и кого разгромил в "Разгроме" |
| 464 |
Аналитический уровень |
_0 |
| 1 |
|
2001 |
| a |
|
"Это не про наши смутные времена Библия гласит?.." Какую Библию читал М. А. Шолохов |
| 464 |
Аналитический уровень |
_0 |
| 1 |
|
2001 |
| a |
|
"Я повествую о своем сиротстве..." Гибель Марины Цветаевой |
| 464 |
Аналитический уровень |
_0 |
| 1 |
|
2001 |
| a |
|
"Я умру в крещенские морозы..." Почему и как погиб Николай Рубцов |
| 464 |
Аналитический уровень |
_0 |
| 1 |
|
2001 |
| a |
|
Что было впереди? |
| 464 |
Аналитический уровень |
_0 |
| 1 |
|
2001 |
| a |
|
"На руинах великих идей..." |
| 532 |
Расширенное заглавие |
1_ |
| a |
Расширенное заглавие |
Двадцатый век: лики, лица, личины |
| 600 |
Персоналии |
_1 |
| 2 |
Код системы |
nlr_sh |
| a |
Персоналии (Фамилия) |
Лермонтов |
| b |
Персоналии (Имя) |
М. Ю. |
| g |
Полное имя |
Михаил Юрьевич |
| f |
Даты |
1814-1841 |
| 600 |
Персоналии |
_1 |
| 2 |
Код системы |
nlr_sh |
| a |
Персоналии (Фамилия) |
Блок |
| b |
Персоналии (Имя) |
А. А. |
| g |
Полное имя |
Александр Александрович |
| f |
Даты |
1880-1921 |
| 600 |
Персоналии |
_1 |
| 2 |
Код системы |
nlr_sh |
| a |
Персоналии (Фамилия) |
Фадеев |
| b |
Персоналии (Имя) |
А. А. |
| g |
Полное имя |
Александр Александрович |
| f |
Даты |
1901-1956 |
| 600 |
Персоналии |
_1 |
| 2 |
Код системы |
nlr_sh |
| a |
Персоналии (Фамилия) |
Шолохов |
| b |
Персоналии (Имя) |
М. А. |
| g |
Полное имя |
Михаил Александрович |
| f |
Даты |
1905-1984 |
| 600 |
Персоналии |
_1 |
| 2 |
Код системы |
nlr_sh |
| a |
Персоналии (Фамилия) |
Цветаева |
| b |
Персоналии (Имя) |
М. И. |
| g |
Полное имя |
Марина Ивановна |
| f |
Даты |
1892-1941 |
| 600 |
Персоналии |
_1 |
| 2 |
Код системы |
nlr_sh |
| a |
Персоналии (Фамилия) |
Рубцов |
| b |
Персоналии (Имя) |
Н. М. |
| g |
Полное имя |
Николай Михаилович |
| f |
Даты |
1936-1971 |
| 600 |
Персоналии |
_1 |
| 2 |
Код системы |
nlr_sh |
| a |
Персоналии (Фамилия) |
Белов |
| b |
Персоналии (Имя) |
В. И. |
| g |
Полное имя |
Василий Иванович |
| f |
Даты |
1932-2012 |
| 600 |
Персоналии |
_1 |
| 2 |
Код системы |
nlr_sh |
| a |
Персоналии (Фамилия) |
Кузнецов |
| b |
Персоналии (Имя) |
Ю. П. |
| g |
Полное имя |
Юрий Поликарпович |
| f |
Даты |
1941-2003 |
| 606 |
Тематические рубрики |
__ |
| a |
Основная рубрика |
Литературоведение |
| 2 |
Код системы |
nlr_sh |
| 606 |
Тематические рубрики |
__ |
| 2 |
Код системы |
nlr_sh |
| a |
Основная рубрика |
Русская литература в целом |
| z |
Хронологическая подрубрика |
19 в. |
| z |
Хронологическая подрубрика |
20 в. |
| 610 |
Ключевые слова |
0_ |
| a |
Ключевые слова |
русская литература |
| 610 |
Ключевые слова |
0_ |
| a |
Ключевые слова |
русские писатели |
| 610 |
Ключевые слова |
0_ |
| a |
Ключевые слова |
русские поэты |
| 610 |
Ключевые слова |
0_ |
| a |
Ключевые слова |
биографии |
| 610 |
Ключевые слова |
0_ |
| a |
Ключевые слова |
персоналии |
| 610 |
Ключевые слова |
0_ |
| a |
Ключевые слова |
литературное творчество |
| 686 |
Индексы других классификаций |
__ |
| 2 |
Код системы |
rubbks |
| a |
Классификационный индекс |
83.3(2=411.2)-8 |
| 700 |
Автор |
_1 |
| a |
Фамилия |
Ткаченко |
| b |
Имя |
П. И. |
| g |
Полное личное имя |
Петр Иванович |
| f |
Даты |
1950- |
| 4 |
Код отношения |
070 |
| 801 |
Источник записи |
_0 |
| b |
Организация |
ГПНТБ России |
| a |
Страна |
RU |
| c |
Дата составления |
20260703 |
| g |
Правила каталогизации |
PSBO |
| 801 |
Источник записи |
_1 |
| b |
Организация |
ГПНТБ России |
| a |
Страна |
RU |
| c |
Дата составления |
20260703 |
| g |
Правила каталогизации |
PSBO |
| 852 |
Данные о местонахождении |
5_ |
| j |
Шифр хранения |
83.3(2=411.2)-8 |
| i |
Авторский знак |
Т 48 |
| 901 |
Тип документа |
__ |
| a |
Ответственный |
КиК/Обаева |
| t |
Тип документа |
x |
| 901 |
Тип документа |
__ |
| a |
Ответственный |
без партии |
| 903 |
Характеристики (МАРС) |
__ |
| a |
Дата передачи |
20260703 |
| c |
Наименование библиотеки (МАРС) |
Муниципальное бюджетное учреждение культуры "Централизованная библиотечная система" г. Сургут (Центральная городская библиотека им. А. С. Пушкина) |